Los hombres son de Marte, las mujeres son de Venus
Gespeichert in:
| 1. Verfasser: | |
|---|---|
| Format: | Buch |
| Sprache: | Spanisch |
| Veröffentlicht: |
Buenos Aires
Atlántida
1994
|
| Ausgabe: | 14a. ed |
| Schlagworte: | |
| Tags: |
Tag hinzufügen
Keine Tags, Fügen Sie den ersten Tag hinzu!
|
MARC
| LEADER | 00000cam a2200000 a 4500 | ||
|---|---|---|---|
| 001 | UCC5198 | ||
| 003 | CL-VaPUC | ||
| 008 | 180927e19940000ag |||||||||||||||||spa|d | ||
| 020 | |a 9500813092 | ||
| 082 | 0 | 4 | |a 155.33 |b GRA |2 21 |
| 100 | |a Gray, John |e psicólogo |9 599484 | ||
| 245 | 1 | 4 | |a Los hombres son de Marte, las mujeres son de Venus |
| 250 | |a 14a. ed | ||
| 300 | |a 356 p | ||
| 942 | |c BK | ||
| 945 | |d 20180927 22:58:00 |a dcastane | ||
| 260 | |a Buenos Aires |b Atlántida |c 1994 | ||
| 650 | 0 | |a Psicología social |9 222894 | |
| 650 | 0 | |a Relaciones interpersonales |9 307056 | |
| 650 | 0 | |a Comunicación interpersonal |9 307498 | |
| 650 | 0 | |a Relaciones humanas |9 307340 | |
| 650 | 0 | |a Hombres |9 318163 | |
| 650 | 0 | |a Mujeres |9 257649 | |
| 650 | 0 | |a Parejas |9 312442 | |
| 650 | 0 | |a Aspectos psicológicos |9 258128 | |
| 650 | 0 | |a Comunicación |9 257251 | |
| 583 | |a last modification |c 20181018 02:09:25 |k Rodrigo Vera | ||
| 999 | |c 372471 |d 372469 | ||
| 952 | |0 0 |1 0 |3 erb |4 0 |6 155_330000000000000_GRA_1994 |7 0 |8 A |9 490146 |a BIBEDU |b BIBEDU |i 5502950 |o 155.33 GRA 1994 |p 5502950 |r 2019-11-24 |w 2019-11-24 |y BK |z Catalogado en:20180927 |k LIT | ||